[Event "Bad Homburg 73/624"]
[Site "?"]
[Date "1998.??.??"]
[Round "?"]
[White "Jussupow, Artur"]
[Black "Lobron, Eric"]
[Result "1/2-1/2"]
[WhiteElo "2640"]
[BlackElo "2540"]
[PlyCount "72"]
[EventDate "1998.??.??"]
[Source "ChessBase"]
[SourceDate "1998.06.01"]

1. d4 Nf6 2. c4 e6 3. Nc3 Bb4 4. e3 O-O 5. Bd3 d5 6. a3 Bxc3+ 7. bxc3 dxc4 8. Bxc4 c5 9. Nf3 Qc7 10. Be2 b6 11. O-O Bb7 12. Bb2 Nbd7 13. c4 Rac8 14. Rc1 Rfd8 15. Re1 Nf8 16. h3 Ng6 17. Qb3 cxd4 18. exd4 Qf4 19. Rc3 Ne4 20. Re3 Nh4 21. Bd3 Nxf3+ 22. Rxf3 Nd2 23. Rxf4 Nxb3 24. Bxh7+ Kxh7 25. Rxf7 Rxc4 26. Re3 Nd2 27. d5 e5 28. Rxb7 Rc2 29. Rxe5 Rxb2 30. Ree7 Rb1+ 31. Kh2 Nf1+ 32. Kg1 Rxd5 33. Rxg7+ Kh6 34. Rbf7 Ne3+ 35. Kh2 Nf1+ 36. Kg1 Ne3+ 1/2-1/2

[Event "25th Open"]
[Site "Oberwart"]
[Date "2003.??.??"]
[Round "4"]
[White "Berkes, Ferenc"]
[Black "Horvath, Peter"]
[Result "1/2-1/2"]
[WhiteElo "2590"]
[BlackElo "2460"]
[PlyCount "87"]
[EventDate "2003.07.05"]
[Source "Roberto Alvarez"]
[SourceDate "2003.07.14"]

1. d4 d5 2. c4 e6 3. Nc3 Nf6 4. Nf3 Bb4 5. e3 O-O 6. a3 Bxc3+ 7. bxc3 c5 8. cxd5 exd5 9. Bd3 c4 10. Bc2 Nc6 11. O-O Re8 12. Nd2 Qa5 13. Bb2 Bg4 14. f3 Bh5 15. Re1 Re7 16. Qc1 Rae8 17. e4 Nxd4 18. cxd4 c3 19. Nb3 cxb2 20. Nxa5 bxc1=Q 21. Raxc1 dxe4 22. fxe4 Bg6 23. Nc4 Rd8 24. e5 Bxc2 25. Rxc2 h6 26. Rb1 Ne4 27. Ne3 Red7 28. d5 Re7 29. Rb4 Rxe5 30. Rxb7 Nd6 31. Rb3 Nf5 32. Nxf5 Rxf5 33. Rd2 Rfxd5 34. Rxd5 Rxd5 35. Rb8+ Kh7 36. Rb7 Ra5 37. Rxf7 Rxa3 38. h4 Kg6 39. Rc7 a5 40. h5+ Kxh5 41. Rxg7 Rb3 42. Kf2 Rb5 43. g4+ Kh4 44. Rg6 1/2-1/2

[Event "EU-chT (Men)"]
[Site "Pula"]
[Date "1997.??.??"]
[Round "6"]
[White "Atalik, Suat"]
[Black "Bogdanovski, Vlatko"]
[Result "1-0"]
[WhiteElo "2555"]
[BlackElo "2495"]
[PlyCount "79"]
[EventDate "1997.05.05"]
[Source "ChessBase"]

1. d4 Nf6 2. c4 e6 3. Nc3 Bb4 4. e3 O-O 5. Bd3 d5 6. Nf3 c5 7. O-O b6 8. cxd5 exd5 9. Ne2 c4 10. Bc2 Re8 11. Ne5 Bd6 12. b3 cxb3 13. Bxb3 Nbd7 14. f4 Bb7 15. Ng3 a6 16. a4 Nf8 17. Bd2 Ne6 18. Qb1 Rc8 19. Bc2 Nf8 20. Bf5 Rb8 21. Rc1 g6 22. Bd3 Kg7 23. Nc6 Bxc6 24. Rxc6 a5 25. Qb3 Qe7 26. Re1 Bb4 27. Bxb4 axb4 28. Nf1 Rec8 29. Rec1 Rxc6 30. Rxc6 Ne6 31. h3 Nc7 32. g4 h6 33. f5 g5 34. Qc2 Nce8 35. Qh2 Ra8 36. Rxb6 Rxa4 37. Bb5 Ra7 38. Qe5 Rc7 39. Rc6 Qxe5 40. dxe5 1-0

[Event "RUS-Cup8"]
[Site "Smolensk"]
[Date "1997.??.??"]
[Round "4"]
[White "Tunik, Gennady"]
[Black "Landa, Konstantin"]
[Result "0-1"]
[WhiteElo "2460"]
[BlackElo "2570"]
[PlyCount "132"]
[EventDate "1997.06.13"]
[Source "ChessBase"]
[SourceDate "1997.07.29"]

1. d4 Nf6 2. c4 e6 3. Nf3 d5 4. Nc3 Bb4 5. e3 O-O 6. Bd3 c5 7. a3 Bxc3+ 8. bxc3 Qc7 9. Qc2 dxc4 10. Bxc4 b6 11. Bd3 Bb7 12. O-O Nbd7 13. Ng5 h6 14. Ne4 Bxe4 15. Bxe4 Rac8 16. Qb1 Nxe4 17. Qxe4 Nf6 18. Qb1 e5 19. Bb2 c4 20. Qf5 e4 21. f4 Rfd8 22. Qh3 Rd5 23. a4 Rh5 24. Qg3 Ra5 25. Qf2 Qd7 26. Qc2 Nd5 27. Bc1 f5 28. Bd2 Qe8 29. Qd1 a6 30. h3 b5 31. axb5 Rxa1 32. Qxa1 axb5 33. Qa3 Qc6 34. Ra1 Kh7 35. Qa7 Nc7 36. Qa3 Ra8 37. Qb2 Rxa1+ 38. Qxa1 Nd5 39. Qa5 Kg6 40. Kf2 Kf7 41. g4 fxg4 42. hxg4 Qd7 43. Ke1 Nf6 44. g5 hxg5 45. fxg5 Nh7 46. Kd1 Nxg5 47. Kc2 Nf3 48. Bc1 Ne1+ 49. Kb1 Nd3 50. Qa8 Qf5 51. Bd2 g5 52. Kc2 g4 53. Qc6 Qe6 54. Qb7+ Kf6 55. Qxb5 g3 56. Qb8 Qd7 57. Qh8+ Kg5 58. Kd1 Qg4+ 59. Kc2 Qf5 60. Qg8+ Qg6 61. Qb8 Kg4 62. Qc8+ Kf3 63. Qh3 Nf2 64. Qf1 g2 65. Qg1 Qh6 66. Be1 Nh3 0-1

[Event "Thessaloniki ol (Men)"]
[Site "Thessaloniki GRE"]
[Date "1988.??.??"]
[Round "8"]
[White "Semkov, Semko"]
[Black "Petursson, Margeir"]
[Result "1-0"]
[WhiteElo "2470"]
[BlackElo "2540"]
[PlyCount "143"]
[EventDate "1988.11.??"]
[Source "www.chesslib.no"]
[SourceDate "2004.05.04"]

1. d4 Nf6 2. c4 e6 3. Nc3 Bb4 4. e3 O-O 5. Bd3 d5 6. Nf3 c5 7. O-O b6 8. cxd5 exd5 9. a3 Bxc3 10. bxc3 Ba6 11. Bxa6 Nxa6 12. Qa4 Qc8 13. Bb2 c4 14. Nd2 Re8 15. Rfe1 Ne4 16. Nf1 h5 17. f3 Nd6 18. Re2 Nc7 19. Qd1 Qe6 20. Qe1 Qg6 21. a4 f5 22. Ba3 Nf7 23. Qh4 Qg5 24. Qxg5 Nxg5 25. Bd6 Nce6 26. h4 Nf7 27. Bh2 Nf8 28. Rb2 Nd7 29. Rb5 Nf6 30. a5 bxa5 31. Rbxa5 Re7 32. Bf4 Rd7 33. Ra6 Rb7 34. Ng3 Rb3 35. Nxf5 Rxc3 36. Be5 Nd7 37. Ne7+ Kf8 38. Nxd5 Rd3 39. Nc7 Rc8 40. Ne6+ Kg8 41. Nf4 Nfxe5 42. dxe5 Rd2 43. e6 Nb6 44. Rxa7 c3 45. Kf1 c2 46. Ke1 Nc4 47. Rc1 Rb8 48. Ra2 Rd1+ 49. Rxd1 cxd1=Q+ 50. Kxd1 Nxe3+ 51. Ke2 Nf5 52. Ra5 g6 53. Nxg6 Nd4+ 54. Ke3 Nxe6 55. Rxh5 Rb3+ 56. Kf2 Kg7 57. Ne7 Rb2+ 58. Kf1 Rb1+ 59. Kf2 Rb2+ 60. Kg1 Rxg2+ 61. Kxg2 Nf4+ 62. Kg3 Nxh5+ 63. Kg4 Kh6 64. Nd5 Ng7 65. Ne3 Kg6 66. f4 Ne8 67. h5+ Kh6 68. Nf5+ Kh7 69. Kg5 Nc7 70. Nd4 Ne8 71. Nb5 Kg7 72. h6+ 1-0

[Event "Szirak"]
[Site "Szirak"]
[Date "1985.??.??"]
[Round "10"]
[White "Knaak, Rainer"]
[Black "Djuric, Stefan"]
[Result "1-0"]
[WhiteElo "2525"]
[BlackElo "2485"]
[PlyCount "107"]
[EventDate "1985.10.??"]
[Source "ChessBase"]

1. d4 Nf6 2. c4 e6 3. Nc3 Bb4 4. e3 O-O 5. Bd3 d5 6. Nf3 c5 7. O-O b6 8. cxd5 exd5 9. dxc5 bxc5 10. Ne2 Ba5 11. b3 Bg4 12. Bb2 Nbd7 13. Qc2 Re8 14. Ng3 h5 15. Ng5 h4 16. Bh7+ Kf8 17. Nf5 h3 18. gxh3 Bh5 19. Kh1 d4 20. Ng3 Re5 21. f4 Rxe3 22. Nxh5 Nxh5 23. Nxf7 Kxf7 24. Qg6+ Ke7 25. Qxh5 Qb6 26. Qd5 Rh8 27. Bf5 Qd6 28. Qg2 g6 29. Bg4 Nf6 30. Ba3 Nxg4 31. hxg4 Kf7 32. Rac1 Bc3 33. Rc2 Kg7 34. Bc1 Ree8 35. f5 Qe5 36. Bf4 Qe4 37. Bd6 gxf5 38. Rxf5 Rh4 39. Rf4 Qxf4 40. Bxf4 Re1+ 41. Qg1 Rxg1+ 42. Kxg1 Rxg4+ 43. Rg2 Rg6 44. Kf2 Rxg2+ 45. Kxg2 Kf6 46. Kf3 Kf5 47. h4 a5 48. h5 a4 49. bxa4 Ba5 50. h6 Kg6 51. Ke4 Be1 52. Kd3 Kh7 53. Kc4 Bf2 54. a5 1-0

[Event "Novgorod Open"]
[Site "Novgorod RUS"]
[Date "1995.??.??"]
[Round "8"]
[White "Iskusnyh, Sergei"]
[Black "Razuvaev, Yuri S"]
[Result "1/2-1/2"]
[WhiteElo "2425"]
[BlackElo "2580"]
[PlyCount "26"]
[EventDate "1995.05.??"]
[Source "www.chesslib.no"]
[SourceDate "2004.05.04"]

1. d4 Nf6 2. c4 e6 3. Nc3 Bb4 4. e3 O-O 5. Bd3 d5 6. Nf3 c5 7. O-O b6 8. a3 Bxc3 9. bxc3 Ba6 10. cxd5 exd5 11. dxc5 bxc5 12. Bxa6 Nxa6 13. c4 dxc4 1/2-1/2

[Event "Troll Masters op"]
[Site "Gausdal"]
[Date "2001.01.09"]
[Round "6"]
[White "Nilssen, John Arni"]
[Black "Rozentalis, Eduardas"]
[Result "0-1"]
[WhiteElo "2371"]
[BlackElo "2630"]
[PlyCount "80"]
[EventDate "2001.01.05"]
[Source "ChessBase"]
[SourceDate "2001.03.08"]

1. d4 Nf6 2. c4 e6 3. Nc3 Bb4 4. e3 O-O 5. Bd3 d5 6. Nf3 c5 7. cxd5 exd5 8. O-O Nc6 9. h3 Re8 10. dxc5 Bxc5 11. Nb5 Bb6 12. b3 a6 13. Nbd4 Qd6 14. Bb2 Bc7 15. Nf5 Bxf5 16. Bxf5 Rad8 17. Rc1 Bb6 18. h4 Ne4 19. Bd4 Nxd4 20. exd4 g6 21. Bh3 f5 22. Qd3 Rc8 23. Rfd1 Qf6 24. g3 Rxc1 25. Rxc1 h6 26. Bg2 g5 27. hxg5 hxg5 28. Ne5 Nxf2 29. Bxd5+ Kg7 30. Kxf2 Qxe5 31. Bxb7 Bxd4+ 32. Kg2 g4 33. Rf1 Bb6 34. Qd7+ Kg6 35. Qc6+ Re6 36. Qc2 Bc7 37. Qf2 Qb5 38. Bxa6 Qd5+ 39. Kh2 Rxa6 40. Qe2 Ra8 0-1

[Event "XIX Czech Open Synthesia Rapid"]
[Site "Pardubice CEC"]
[Date "2008.07.17"]
[Round "6"]
[White "Beinoras, M."]
[Black "Gajewski, G."]
[Result "0-1"]
[WhiteElo "2426"]
[BlackElo "2575"]
[PlyCount "82"]
[EventDate "2008.07.16"]
[Source "www.chesslib.no"]
[SourceDate "2004.05.04"]

1. d4 Nf6 2. c4 e6 3. Nf3 d5 4. Nc3 Bb4 5. e3 O-O 6. Bd3 c5 7. dxc5 Nbd7 8. O-O Nxc5 9. Be2 dxc4 10. Bxc4 Bxc3 11. bxc3 Qc7 12. Be2 Rd8 13. Qc2 b6 14. c4 Bb7 15. Bb2 Be4 16. Qc3 Na4 17. Qe5 Qxe5 18. Bxe5 Nd7 19. Bd4 Bxf3 20. Bxf3 e5 21. Bc6 exd4 22. Bxa4 dxe3 23. fxe3 Ne5 24. Rad1 Kf8 25. Rd5 Nxc4 26. Rxd8+ Rxd8 27. Bb3 Rc8 28. Rd1 Ke7 29. Rd4 Ne5 30. h3 a5 31. Kf2 b5 32. Rd5 Rc5 33. Rd4 a4 34. Bd1 Ke6 35. Rd8 Rd5 36. Rxd5 Kxd5 37. Ke2 Kc4 38. Kd2 Kb4 39. Kc2 Nc4 40. Bf3 Ka3 41. Bc6 b4 0-1

[Event "7. Open"]
[Site "?"]
[Date "2005.05.28"]
[Round "9"]
[White "Mirzoev Azer"]
[Black "Pogorelov Ruslan"]
[Result "0-1"]
[WhiteElo "2545"]
[BlackElo "2448"]
[PlyCount "126"]
[EventDate "2005.??.??"]
[Source "www.chesslib.no"]
[SourceDate "2004.05.04"]

1. d4 Nf6 2. c4 e6 3. Nc3 Bb4 4. e3 O-O 5. Bd3 c5 6. Nf3 d5 7. a3 Bxc3+ 8. bxc3 dxc4 9. Bxc4 Qc7 10. Qd3 b6 11. O-O Bb7 12. Nd2 Nc6 13. Ba2 Rfd8 14. Qe2 cxd4 15. cxd4 e5 16. dxe5 Nxe5 17. Nb3 Be4 18. Bb1 Bd5 19. Nd4 Rac8 20. Ba2 Neg4 21. g3 Bxa2 22. Rxa2 Ne5 23. Rc2 Qb7 24. Rxc8 Rxc8 25. Bb2 h5 26. f3 Nc4 27. Nf5 Qd7 28. e4 Nxb2 29. Qxb2 Ne8 30. Rf2 g6 31. Ne3 Qd3 32. Nd5 Kh7 33. Kg2 Qc4 34. h4 Qc5 35. Rd2 Qc1 36. a4 Qxb2 37. Rxb2 Nd6 38. Kf2 Rc1 39. Ra2 Nc4 40. Ne3 Nxe3 41. Kxe3 Rc3+ 42. Kf4 Kg7 43. Rd2 Rc4 44. Ra2 Kf6 45. Ra1 Ke6 46. Ke3 Rc3+ 47. Ke2 Kd6 48. Rd1+ Kc7 49. Ra1 Kc6 50. Ra2 Kc5 51. Ra1 Kb4 52. a5 bxa5 53. Rb1+ Rb3 54. Rc1 a4 55. Rc7 a5 56. Rb7+ Ka3 57. Ra7 Rb5 58. g4 hxg4 59. fxg4 Kb2 60. Rd7 a3 61. Rd2+ Kb3 62. Rd3+ Ka4 63. Rd4+ Rb4 0-1

[Event "Negotino"]
[Site "?"]
[Date "1994.??.??"]
[Round "?"]
[White "Dumitrache, D."]
[Black "Rajkovic, D."]
[Result "1/2-1/2"]
[WhiteElo "2475"]
[BlackElo "2505"]
[PlyCount "88"]
[EventDate "1994.??.??"]
[Source "ChessBase"]
[SourceDate "1994.06.01"]

1. d4 Nf6 2. c4 e6 3. Nc3 Bb4 4. e3 O-O 5. Bd3 d5 6. a3 Bxc3+ 7. bxc3 dxc4 8. Bxc4 c5 9. Nf3 Qc7 10. Ba2 Nbd7 11. O-O b6 12. Bb2 e5 13. Qe2 Bb7 14. Nd2 cxd4 15. cxd4 Qc2 16. dxe5 Ne4 17. Qd1 Qxb2 18. Nxe4 Nxe5 19. Qd4 Qxd4 20. exd4 Nd3 21. Nd6 Ba6 22. Rfd1 Rad8 23. Nf5 Rfe8 24. Rd2 Nf4 25. h3 Kf8 26. Kh2 Re2 27. Rad1 Rxd2 28. Rxd2 Bd3 29. Ne3 Rxd4 30. Bc4 Re4 31. Rxd3 Rxc4 32. Rd7 Ra4 33. Nf5 Ne6 34. Nd6 Rd4 35. Rxf7+ Kg8 36. Rd7 b5 37. f4 g6 38. g4 a5 39. f5 gxf5 40. gxf5 Nf8 41. Rd8 h5 42. f6 Kh7 43. Rxf8 Rxd6 44. Rb8 Rd2+ 1/2-1/2

[Event "Corr"]
[Site "?"]
[Date "2001.11.01"]
[Round "?"]
[White "Moura Antonio J.Brito (PO"]
[Black "Coleman Peter L.(ENG)"]
[Result "0-1"]
[WhiteElo "2427"]
[BlackElo "2550"]
[PlyCount "60"]
[EventDate "2001.??.??"]
[Source "www.chesslib.no"]
[SourceDate "2004.05.04"]

1. d4 Nf6 2. c4 e6 3. Nc3 Bb4 4. e3 O-O 5. Bd3 d5 6. a3 Bxc3+ 7. bxc3 dxc4 8. Bxc4 c5 9. Nf3 Qc7 10. Ba2 b5 11. O-O Bb7 12. Qe2 Ne4 13. Bb2 c4 14. a4 a6 15. Bb1 Nd7 16. Nd2 Nxd2 17. Qxd2 f5 18. Ba3 Rf6 19. axb5 axb5 20. Qb2 Rh6 21. g3 Bf3 22. Be7 Re8 23. Qa3 Nf8 24. Bg5 Rh5 25. h4 Qf7 26. g4 fxg4 27. Qa7 Nd7 28. Qc7 h6 29. Bf4 Rxh4 30. Bh2 e5 0-1

[Event "Arrecife de Lanzarote"]
[Site "Arrecife de Lanzarote"]
[Date "1974.??.??"]
[Round "1"]
[White "Debarnot, Roberto L"]
[Black "Olafsson, Fridrik"]
[Result "0-1"]
[WhiteElo "2405"]
[BlackElo "2570"]
[PlyCount "103"]
[EventDate "1974.05.??"]
[Source "www.chesslib.no"]
[SourceDate "2004.05.04"]

1. d4 Nf6 2. c4 e6 3. Nc3 Bb4 4. e3 c5 5. Bd3 O-O 6. Nf3 d5 7. O-O b6 8. a3 Bxc3 9. bxc3 Ba6 10. cxd5 exd5 11. Bxa6 Nxa6 12. Qd3 c4 13. Qc2 Nc7 14. Ne5 Nd7 15. Nxd7 Qxd7 16. e4 dxe4 17. Qxe4 Nd5 18. Qf3 Rfe8 19. Bd2 Re7 20. Rfe1 Rae8 21. Rxe7 Rxe7 22. h3 h6 23. Re1 Rxe1+ 24. Bxe1 Qe6 25. Bd2 b5 26. Kf1 a5 27. Qe2 Qf5 28. f3 Qd7 29. Kf2 Qe6 30. Qe4 Kf8 31. Qxe6 fxe6 32. g4 g5 33. h4 gxh4 34. Bxh6+ Kf7 35. Bd2 b4 36. cxb4 axb4 37. axb4 c3 38. Bc1 Nxb4 39. Kg2 Nd3 40. Be3 Ne1+ 41. Kf2 Nc2 42. Bg5 h3 43. Kg3 Nxd4 44. Kxh3 Nxf3 45. Be3 c2 46. Kg3 Ne5 47. Kf4 Nd3+ 48. Ke4 c1=Q 49. Bxc1 Nxc1 50. g5 Ke7 51. Kd4 Ne2+ 52. Ke5 0-1

[Event "Bogny sur Meuse (France)"]
[Site "?"]
[Date "2005.07.17"]
[Round "3"]
[White "Bricard Emmanuel"]
[Black "Kveinys Aloyzas"]
[Result "1/2-1/2"]
[WhiteElo "2457"]
[BlackElo "2510"]
[PlyCount "72"]
[EventDate "2005.??.??"]
[Source "www.chesslib.no"]
[SourceDate "2004.05.04"]

1. d4 Nf6 2. c4 e6 3. Nc3 Bb4 4. e3 O-O 5. Bd3 d5 6. a3 Bxc3+ 7. bxc3 dxc4 8. Bxc4 c5 9. Nf3 Qa5 10. Bb2 cxd4 11. exd4 b6 12. a4 Ba6 13. Nd2 Bxc4 14. Nxc4 Qa6 15. Qb3 Qb7 16. Ne3 Nc6 17. c4 Na5 18. Qb4 Qe4 19. O-O Rfd8 20. Rad1 Rac8 21. Rfe1 Qf4 22. f3 h6 23. Qd2 Qg5 24. d5 Nxc4 25. Nxc4 Rxc4 26. Qxg5 hxg5 27. Bxf6 gxf6 28. dxe6 Rxd1 29. Rxd1 fxe6 30. Rd8+ Kf7 31. Rd7+ Kg6 32. Rxa7 Rc1+ 33. Kf2 Rc2+ 34. Kg1 Rc1+ 35. Kf2 Rc2+ 36. Kg1 Rc1+ 1/2-1/2

[Event "Sevilla (Spain)"]
[Site "?"]
[Date "2004.08.18"]
[Round "1"]
[White "Moreno Ruiz Javier"]
[Black "Del Rio Angelis Salvador Gabr"]
[Result "1/2-1/2"]
[WhiteElo "2474"]
[BlackElo "2491"]
[PlyCount "59"]
[EventDate "2004.??.??"]
[Source "www.chesslib.no"]
[SourceDate "2004.05.04"]

1. d4 e6 2. c4 Nf6 3. Nc3 Bb4 4. e3 O-O 5. Bd3 d5 6. a3 Bxc3+ 7. bxc3 dxc4 8. Bxc4 c5 9. Nf3 Qc7 10. Ba2 Nc6 11. O-O e5 12. h3 b6 13. d5 e4 14. dxc6 exf3 15. Qxf3 Be6 16. c4 Qxc6 17. Rd1 Nd7 18. a4 h6 19. Rb1 Qe4 20. Qg3 Qc6 21. Bb2 Bf5 22. f3 Bd3 23. e4 Bc2 24. Rd6 Bxa4 25. e5 Nf6 26. Kf2 g6 27. Ke3 a6 28. h4 b5 29. h5 b4 30. Kf4 1/2-1/2

[Event "España-ch Puestos 5-12"]
[Site "Sevilla"]
[Date "2004.08.18"]
[Round "6.1"]
[White "Moreno Ruiz, Javier"]
[Black "Del Rio Angelis, Salvador Gabriel"]
[Result "1/2-1/2"]
[WhiteElo "2463"]
[BlackElo "2502"]
[PlyCount "125"]
[EventDate "2004.08.18"]
[Source "Roberto Alvarez"]
[SourceDate "2004.08.24"]

1. d4 e6 2. c4 Nf6 3. Nc3 Bb4 4. e3 O-O 5. Bd3 d5 6. a3 Bxc3+ 7. bxc3 dxc4 8. Bxc4 c5 9. Nf3 Qc7 10. Ba2 Nc6 11. O-O e5 12. h3 b6 13. d5 e4 14. dxc6 exf3 15. Qxf3 Be6 16. c4 Qe5 17. Rb1 Qe4 18. Qg3 Qxc6 19. Bb2 Bf5 20. Rbd1 Rfd8 21. f3 Ne8 22. Qg5 Bd3 23. Rf2 Rd6 24. Rfd2 Rad8 25. e4 Bc2 26. Rxd6 Rxd6 27. Rd5 Ba4 28. Qd2 Qc7 29. e5 Rd7 30. Bb1 Bc6 31. Bf5 Bxd5 32. Bxd7 Bc6 33. e6 fxe6 34. Bxe6+ Kf8 35. Qg5 Qe7 36. Qf4+ Nf6 37. Bf5 Kg8 38. Qe5 Qxe5 39. Bxe5 Nd7 40. Be6+ Kf8 41. Bd6+ Ke8 42. Kf2 Nf8 43. Bf5 g6 44. Bd3 Nd7 45. Ke3 Kf7 46. Kf4 a6 47. h4 b5 48. h5 gxh5 49. cxb5 axb5 50. Bxh7 Ke6 51. Bc7 b4 52. axb4 cxb4 53. Ba5 Nf6 54. Bf5+ Kf7 55. Ke5 Bb5 56. Bxb4 Bf1 57. Bh3 Ng4+ 58. Kf4 Nf2 59. Bf5 Nd3+ 60. Bxd3 Bxd3 61. Kg5 Bf1 62. g3 Be2 63. f4 1/2-1/2

[Event "Zemun"]
[Site "?"]
[Date "1980.06.04"]
[Round "3"]
[White "Farago Ivan"]
[Black "Tringov Georgi P"]
[Result "1/2-1/2"]
[WhiteElo "2505"]
[BlackElo "2455"]
[PlyCount "31"]
[EventDate "1980.??.??"]
[Source "www.chesslib.no"]
[SourceDate "2004.05.04"]

1. d4 Nf6 2. c4 e6 3. Nc3 Bb4 4. Nf3 c5 5. e3 O-O 6. Bd3 d5 7. O-O b6 8. cxd5 exd5 9. dxc5 bxc5 10. Ne2 Bb7 11. b3 Qd6 12. Bb2 Nbd7 13. Ng3 g6 14. e4 d4 15. a3 Ba5 16. b4 1/2-1/2

[Event "SLO-chT"]
[Site "Celje"]
[Date "2003.11.20"]
[Round "5"]
[White "Zaja, Ivan"]
[Black "Mikhalchishin, Adrian"]
[Result "0-1"]
[WhiteElo "2427"]
[BlackElo "2522"]
[PlyCount "64"]
[EventDate "2003.11.17"]
[Source "Roberto Alvarez"]
[SourceDate "2003.11.24"]

1. c4 Nf6 2. d4 e6 3. Nc3 Bb4 4. e3 O-O 5. Bd3 d5 6. Nf3 c5 7. cxd5 cxd4 8. exd4 Nxd5 9. Bd2 Nc6 10. O-O Be7 11. a3 Bf6 12. Be3 Nxc3 13. bxc3 b6 14. Nd2 Bb7 15. Qg4 Ne7 16. Ne4 Bxe4 17. Qxe4 g6 18. Bh6 Bg7 19. Bxg7 Kxg7 20. Ba6 Qc7 21. c4 Rad8 22. Rfd1 Nf5 23. f4 Rxd4 24. Rxd4 Qc5 25. Rad1 Rd8 26. Qe5+ Qxe5 27. Rxd8 Qe3+ 28. Kh1 Qxf4 29. Bb7 Qxc4 30. R8d3 h5 31. Bf3 Qc5 32. Be4 Ne3 0-1

[Event "Telecom Open"]
[Site "Dublin IRL"]
[Date "1991.??.??"]
[Round "?"]
[White "Levitt, Jonathan"]
[Black "Howell, James C"]
[Result "1/2-1/2"]
[WhiteElo "2490"]
[BlackElo "2455"]
[PlyCount "78"]
[EventDate "1991.03.??"]
[Source "www.chesslib.no"]
[SourceDate "2004.05.04"]

1. d4 Nf6 2. c4 e6 3. Nc3 Bb4 4. e3 O-O 5. Bd3 c5 6. Nf3 d5 7. a3 cxd4 8. exd4 Bxc3+ 9. bxc3 dxc4 10. Bxc4 Qc7 11. Qd3 b6 12. Ne5 Nbd7 13. Nxd7 Bxd7 14. Ba2 Rac8 15. Bd2 Bc6 16. f3 Bd5 17. O-O Bc4 18. Bxc4 Qxc4 19. Qxc4 Rxc4 20. a4 Nd5 21. Ra3 Rfc8 22. Rc1 Kf8 23. Kf2 Ke7 24. Ke2 Kd6 25. Kd3 Nb4+ 26. Ke2 Nd5 27. Kd3 e5 28. dxe5+ Kxe5 29. Re1+ Kd6 30. Re4 Rxe4 31. fxe4 Nf6 32. Be3 Nd7 33. Bd4 Nc5+ 34. Ke3 Re8 35. Bxg7 Rxe4+ 36. Kf3 Rxa4 37. Bf8+ Ke5 38. Bxc5 Rf4+ 39. Ke3 bxc5 1/2-1/2

[Event "HUN-ch"]
[Site "Budapest"]
[Date "1981.??.??"]
[Round "?"]
[White "Lukacs, Peter"]
[Black "Forintos, Gyozo V"]
[Result "1/2-1/2"]
[WhiteElo "2465"]
[BlackElo "2465"]
[PlyCount "56"]
[EventDate "1981.06.??"]
[Source "ChessBase"]

1. d4 e6 2. c4 Nf6 3. Nc3 Bb4 4. e3 c5 5. Bd3 d5 6. Nf3 O-O 7. O-O b6 8. cxd5 exd5 9. Ne5 Bxc3 10. bxc3 Ba6 11. Bxa6 Nxa6 12. f3 Nc7 13. Bb2 Re8 14. Re1 c4 15. e4 b5 16. a4 a6 17. Ba3 Re6 18. Qc2 Qc8 19. a5 Qb7 20. Re2 Rae8 21. Rae1 Qa8 22. Bb4 h6 23. Bc5 Qc8 24. Kh1 Qb7 25. Bb6 Na8 26. Bc5 Nc7 27. Bb6 Na8 28. Bc5 Nc7 1/2-1/2

[Event "Brno"]
[Site "?"]
[Date "2006.07.04"]
[Round "6"]
[White "Bernasek Jan"]
[Black "Stopa Jacek"]
[Result "1-0"]
[WhiteElo "2452"]
[BlackElo "2469"]
[PlyCount "126"]
[EventDate "2006.??.??"]
[Source "www.chesslib.no"]
[SourceDate "2004.05.04"]

1. d4 Nf6 2. c4 e6 3. Nc3 Bb4 4. e3 O-O 5. Bd3 d5 6. Nf3 Nbd7 7. O-O c5 8. a3 Ba5 9. Qe2 a6 10. Bd2 Rb8 11. cxd5 exd5 12. dxc5 Nxc5 13. Bc2 Bc7 14. h3 Qd6 15. Na4 b6 16. Bc3 Re8 17. Rfd1 Nfe4 18. Nxc5 bxc5 19. Bxe4 Rxe4 20. Qd3 Qg6 21. Qxd5 h6 22. Kf1 Be6 23. Qxc5 Rc8 24. Qa7 Bc4+ 25. Kg1 Be2 26. Nd4 Re7 27. Nxe2 Bh2+ 28. Kxh2 Rxa7 29. Rd2 Raa8 30. Rad1 Qg5 31. Rd5 Qe7 32. Rd7 Qe8 33. R7d2 Rd8 34. Bd4 f6 35. Nf4 Rab8 36. Nd3 Rbc8 37. Kg1 Qa4 38. Ne1 Rc6 39. Nf3 Rc2 40. h4 Rxd2 41. Rxd2 Kf7 42. Kh2 g5 43. hxg5 hxg5 44. Bc3 Rxd2 45. Nxd2 Qd1 46. e4 Qe2 47. f3 Qf2 48. Kh1 Kg6 49. g4 Kf7 50. Bb4 Ke6 51. Bc3 Qg3 52. Ba5 Kd6 53. e5+ Kd5 54. exf6 Kd4 55. Bb4 Qe1+ 56. Kg2 Qe2+ 57. Kg3 Qe6 58. Ne4 Ke3 59. Kg2 Qb3 60. Kg3 Ke2 61. Nxg5 Qxb2 62. f7 Qe5+ 63. f4 Qe3+ 1-0

[Event "ROM Team Ch"]
[Site "Romania"]
[Date "1993.??.??"]
[Round "1"]
[White "Piskov, Yury"]
[Black "Vasilescu, Lucian"]
[Result "1-0"]
[WhiteElo "2520"]
[BlackElo "2400"]
[PlyCount "65"]
[EventDate "1993.??.??"]
[Source "www.chesslib.no"]
[SourceDate "2004.05.04"]

1. d4 d5 2. c4 e6 3. Nf3 Nf6 4. Nc3 Bb4 5. e3 O-O 6. a3 Bxc3+ 7. bxc3 c5 8. Bd3 dxc4 9. Bxc4 Qc7 10. Ba2 Nbd7 11. O-O b6 12. Re1 Bb7 13. c4 e5 14. d5 e4 15. Nd2 Ne5 16. Bb2 Rfe8 17. Qc2 Ba6 18. h3 b5 19. Red1 Rad8 20. Rac1 bxc4 21. Nxc4 Nd3 22. Bxf6 gxf6 23. Rxd3 exd3 24. Qxd3 Bxc4 25. Rxc4 Re5 26. Rh4 f5 27. Rh5 Qe7 28. Rxf5 Rxf5 29. Qxf5 Re8 30. d6 Qf8 31. d7 Re7 32. Bb1 f6 33. Qd5+ 1-0

[Event "Hafnarfirdi"]
[Site "Hafnarfirdi"]
[Date "1992.??.??"]
[Round "10"]
[White "Levitt, Jonathan"]
[Black "Stefansson, Hannes"]
[Result "1/2-1/2"]
[WhiteElo "2465"]
[BlackElo "2455"]
[PlyCount "139"]
[EventDate "1992.03.??"]
[Source "ChessBase"]

1. d4 Nf6 2. c4 e6 3. Nc3 Bb4 4. e3 O-O 5. Bd3 d5 6. a3 Bxc3+ 7. bxc3 dxc4 8. Bxc4 c5 9. Nf3 Qa5 10. Bd2 Ne4 11. O-O b6 12. Qc2 Nxd2 13. Nxd2 Ba6 14. Qe4 Nd7 15. Qc6 Rfd8 16. Nb3 Qxc3 17. Rfc1 Qxc4 18. Rxc4 Bxc4 19. Nd2 Bd5 20. Qa4 cxd4 21. Qxd4 Nc5 22. Qb4 Rac8 23. h3 Nd3 24. Qe7 a5 25. Qa7 Rb8 26. Rb1 Rb7 27. Qa6 Nc5 28. Qb5 h6 29. Rc1 Ne4 30. Nxe4 Bxe4 31. Qe5 Bg6 32. e4 b5 33. f3 Rdb8 34. Rc7 Kh7 35. Rxb7 Rxb7 36. Qc5 b4 37. Qc6 Rb8 38. Qc7 Ra8 39. a4 f5 40. Qc6 Rb8 41. Qc7 Ra8 42. Qc6 Rb8 43. Qd6 Re8 44. Qa6 fxe4 45. Qxa5 Rb8 46. Qa7 Rc8 47. Qb6 Rc1+ 48. Kf2 Rc2+ 49. Kg3 exf3 50. gxf3 Rb2 51. a5 b3 52. a6 Bc2 53. Qxe6 Ra2 54. Qc4 Rxa6 55. Qc3 Rb6 56. Qb2 Kh8 57. h4 Kg8 58. Kf4 Rb4+ 59. Kg3 Rb5 60. Kf4 Rf5+ 61. Kg4 h5+ 62. Kg3 Bd1 63. Qc1 Bc2 64. Qa3 Kh8 65. Qa8+ Kh7 66. Qc8 Re5 67. Qc3 Re2 68. Qb4 Re5 69. Qc4 Ra5 70. Qb4 1/2-1/2

[Event "HUN-ch"]
[Site "Budapest"]
[Date "1977.??.??"]
[Round "?"]
[White "Farago, Ivan"]
[Black "Lengyel, Levente"]
[Result "0-1"]
[WhiteElo "2500"]
[BlackElo "2415"]
[PlyCount "52"]
[EventDate "1977.11.??"]
[Source "ChessBase"]

1. d4 Nf6 2. c4 e6 3. Nc3 Bb4 4. e3 c5 5. Bd3 O-O 6. Nf3 d5 7. O-O b6 8. cxd5 exd5 9. Ne5 Bxc3 10. bxc3 Ba6 11. Ba3 Re8 12. c4 dxc4 13. Bxc4 Bxc4 14. Nxc4 Qd5 15. Qb3 cxd4 16. Rfd1 Nc6 17. Nd6 Re6 18. Nb5 Qxb3 19. axb3 Rd8 20. exd4 Nd5 21. Bc1 Na5 22. Bb2 Rd7 23. Kf1 f6 24. Ra3 Rc6 25. b4 Nc4 26. Rc1 Nxa3 0-1